Commentary on the constitution of india / (Record no. 153973)

MARC details
000 -LEADER
fixed length control field 00728nam a22002177a 4500
005 - DATE AND TIME OF LATEST TRANSACTION
control field 20180716100638.0
010 ## - LCCN (DPL NO)
LC control number ENG-123464
020 ## - INTERNATIONAL STANDARD BOOK NUMBER
Terms of availability 1995.00
International Standard Book Number 9788131253939
035 ## - SYSTEM CONTROL NUMBER
System control number EN-106996
037 ## - SOURCE OF ACQUISITION
Source of stock number/acquisition DBAD/PUB.
082 ## - DEWEY DECIMAL CLASSIFICATION NUMBER
Classification number 342.5402
100 ## - MAIN ENTRY--PERSONAL NAME
Personal name Basu, Durga Das
245 ## - TITLE STATEMENT
Title Commentary on the constitution of india /
Statement of responsibility, etc by Durga Das Basu [and] Sunil Ambwani
250 ## - EDITION STATEMENT
Edition statement 9th edn.
260 ## - PUBLICATION, DISTRIBUTION, ETC. (IMPRINT)
Place of publication, distribution, etc Gurgaon
Name of publisher, distributor, etc Lexis Nexis
Date of publication, distribution, etc 2018
270 ## - ADDRESS
Address 14th floor, Building No-10, Tower-B, DLF Cyber City, Phase-11
City Gurgaon
Postal code 122002
300 ## - PHYSICAL DESCRIPTION
Extent ccl,11205-11900p.)
Dimensions 24cm(Hb)
500 ## - GENERAL NOTE
General note It includes subject index, 11(1) Article 226 (contd.)
700 ## - ADDED ENTRY--PERSONAL NAME
Personal name Ambwani, Sunil
942 ## - ADDED ENTRY ELEMENTS (KOHA)
Source of classification or shelving scheme Dewey Decimal Classification
Item type English Books
Call number suffix BAS
Classification part 342.5402
Holdings
Withdrawn status Lost status Not for loan Collection code Home library Current library Date acquired Source of acquisition Cost, normal purchase price Full call number Barcode Copy number Cost, replacement price Koha item type
    Not For Loan Non-fiction D.B.Act.Division Bawana 13/07/2018 DBAD/PUB 1995.00 342.5402 BAS EN-106996 1 1995.00 English Books

© Delhi Public Library
Hit Counter
free hit counter